LIBRARY & INFORMATION CENTRE, KCAET, TAVANUR

ONLINE PUBLIC ACCESS CATALOGUE (OPAC)

Irupatham nootandile rashtreeya chinthagathikal / (Record no. 4386)

MARC details
000 -LEADER
fixed length control field 00434cam a2200157ua 4500
041 ## - LANGUAGE CODE
Language code of text/sound track or separate title mal
082 ## - DEWEY DECIMAL CLASSIFICATION NUMBER
Classification number 320
Item number SUB/ER
100 ## - MAIN ENTRY--AUTHOR NAME
Personal name Subrahmaniam, Gurthi .
245 ## - TITLE STATEMENT
Title Irupatham nootandile rashtreeya chinthagathikal /
260 ## - PUBLICATION, DISTRIBUTION, ETC. (IMPRINT)
Place of publication Kuttippuram :
Name of publisher West Cost Publications ,
Year of publication 1955.
300 ## - PHYSICAL DESCRIPTION
Number of Pages 196 ; .
942 ## - ADDED ENTRY ELEMENTS (KOHA)
Koha item type Books
Holdings
Withdrawn status Lost status Damaged status Home library Current library Date acquired Full call number Accession Number Koha item type
Withdrawn     KAUAET Sanskrit University 07/04/2012 320 2615 Books
free website counter